Truyện kháng chiến về đề tài dân tộc miền núi từ 1945 - 1975
Shranjeno v:
| Glavni avtor: | |
|---|---|
| Format: | Knjiga |
| Jezik: | Undetermined |
| Izdano: |
Hà Nội
Đại học Quốc gia Hà Nội
2019
|
| Teme: | |
| Oznake: |
Označite
Brez oznak, prvi označite!
|
| Thư viện lưu trữ: | Trung tâm Học liệu Trường Đại học Cần Thơ |
|---|
| LEADER | 00642nam a2200181Ia 4500 | ||
|---|---|---|---|
| 001 | CTU_233285 | ||
| 008 | 210402s9999 xx 000 0 und d | ||
| 082 | |a 895.922301 | ||
| 082 | |b Tr561 | ||
| 100 | |a Nguyễn, Minh Trường | ||
| 245 | 0 | |a Truyện kháng chiến về đề tài dân tộc miền núi từ 1945 - 1975 | |
| 245 | 0 | |c Nguyễn Minh Trường | |
| 260 | |a Hà Nội | ||
| 260 | |b Đại học Quốc gia Hà Nội | ||
| 260 | |c 2019 | ||
| 650 | |a Truyện ngắn Việt Nam,Short stories, Vietnamese | ||
| 910 | |b dqhieu | ||
| 980 | |a Trung tâm Học liệu Trường Đại học Cần Thơ | ||